00545nam a22001457a 4500003000600000005001700006008004100023040000800064082001900072245019600091250002900287260004200316300002200358650001900380GBCCL20251127133052.0180703b ||||| |||| 00| 0 eng d cGBC a220.52042bBIB aThe Old and the New Testament of the Holy Bible :btranslated from the original tongues being the version set forth A.D. 1611. compared with the most ancient authorities and revised A.D. 1952 aRevised Standard Version aToronto:bThomas Nelson & Sons,c1952 a839 + 238p.c16cm aBiblevEnglish